[Event "Superettan(Rodeby-Eksjo)"]
[Site "?"]
[Date "2009.02.07"]
[Round "5"]
[White "Bernhardsson, Sten"]
[Black "Akvist, Hakan"]
[Result "1-0"]
[WhiteElo "2096"]
[BlackElo "2070"]
[PlyCount "75"]

1. d4 Nf6 2. c4 e6 3. Nf3 d5 4. Bg5 Nbd7 5. e3 c6 6. Nc3 Qa5 7. cxd5 exd5 8.
Bd3 Bd6 9. O-O O-O 10. a3 h6 11. Bh4 Re8 12. b4 Qb6 13. Qc2 g5 14. Bg3 Bxg3 15.
hxg3 Nf8 16. Ne5 Ng4 17. Nxg4 Bxg4 18. b5 Rac8 19. bxc6 Qxc6 20. Rfc1 Red8 21.
Qb3 Be6 22. Rc2 Qd7 23. Rac1 Kg7 24. Na4 b6 25. Nc3 Bf5 26. Bxf5 Qxf5 27. Nb5
Rxc2 28. Rxc2 Rd7 29. Rc6 Nh7 30. Qb4 Qd3 31. Rc1 Nf6 32. Nd6 a5 33. Qxb6 Qxa3
34. Nf5+ Kg6 35. Rc6 Qa1+ 36. Kh2 Kxf5 37. Rxf6+ Ke4 38. Qc6 1-0

[Event "Superettan(Rodeby-Eksjo)"]
[Site "?"]
[Date "2009.02.07"]
[Round "5"]
[White "Gustafsson, Olof"]
[Black "Svensson, Orjan"]
[Result "0-1"]
[WhiteElo "2050"]
[BlackElo "1952"]
[PlyCount "126"]

1. e4 c5 2. Nc3 e6 3. g3 d5 4. d3 Nf6 5. Bg2 Nc6 6. f4 dxe4 7. Nxe4 Be7 8. Be3
O-O 9. Qd2 Ng4 10. O-O-O Nxe3 11. Qxe3 Qa5 12. Kb1 Bd7 13. Ne2 b5 14. d4 cxd4
15. Nxd4 Rac8 16. Nb3 Qc7 17. Nec5 Be8 18. Rhe1 Nd8 19. Re2 Bc6 20. Bh3 a5 21.
f5 a4 22. Na6 Qb7 23. Nbc5 Qb6 24. fxe6 f5 25. Nd7 Qxa6 26. Nxf8 Kxf8 27. Bxf5
Kg8 28. Qd3 Nb7 29. Bxh7+ Kh8 30. Qg6 Bf3 31. Rd7 Qb6 32. Re1 Qf2 33. Rc1 Qc5
34. Qf5 Bg5 35. Qxc5 Nxc5 36. Re1 Kxh7 37. Rf7 Bd5 38. Rf5 Bd2 39. Re2 Bxe6 40.
Rxc5 Rxc5 41. Rxe6 b4 42. g4 Rc4 43. b3 Rxg4 44. bxa4 Bc3 45. a3 bxa3 46. Ra6
Rh4 47. Ka2 Bb2 48. Ra8 Rxh2 49. Kb3 Rh3+ 50. Ka2 Rc3 51. Kb1 g5 52. a5 g4 53.
a6 Rc6 54. Ra7+ Kh6 55. Ra8 g3 56. a7 Ra6 57. Ka2 g2 58. Rg8 Bg7 59. a8=Q Rxa8
60. Rxa8 g1=Q 61. Rxa3 Qc1 62. Kb3 Qb2+ 63. Ka4 Qxc2+ 0-1

[Event "Superettan(Rodeby-Eksjo)"]
[Site "?"]
[Date "2009.02.07"]
[Round "5"]
[White "Eriksson, Bengt"]
[Black "Akerhed, Johan"]
[Result "1-0"]
[WhiteElo "1945"]
[BlackElo "1976"]
[PlyCount "40"]

1. d4 Nf6 2. Bg5 Ne4 3. h4 d5 4. Nd2 Nc6 5. Nxe4 dxe4 6. e3 h6 7. Bf4 e6 8. c3
Bd6 9. Qg4 Qf6 10. Bxd6 cxd6 11. Qxe4 d5 12. Qf3 Qe7 13. Qg3 O-O 14. Nf3 Bd7
15. Bd3 Rac8 16. O-O a6 17. e4 dxe4 18. Bxe4 Rfd8 19. Rfe1 Be8 20. d5 Na5 1-0

[Event "Superettan(Eskilstuna-Vastervik)"]
[Site "?"]
[Date "2009.02.08"]
[Round "6"]
[White "Sternlund, Hakan"]
[Black "Logdahl, Harald"]
[Result "1/2-1/2"]
[WhiteElo "2220"]
[BlackElo "2382"]
[PlyCount "88"]
[SourceDate "2009.02.12"]

1. c4 c5 2. g3 g6 3. Bg2 Bg7 4. Nc3 Nc6 5. Nf3 b6 6. O-O Bb7 7. e3 d6 8. d4 Qd7
9. b3 Nh6 10. Bb2 O-O 11. d5 Nd8 12. Ng5 Nf5 13. Qd2 a6 14. Ne2 h6 15. Nf3 e5
16. dxe6 fxe6 17. Bxg7 Qxg7 18. Qc3 b5 19. Qxg7+ Kxg7 20. g4 Ne7 21. Nd2 Bxg2
22. Kxg2 g5 23. Ne4 Nb7 24. Rad1 Rad8 25. Rd2 Ng6 26. f4 d5 27. cxd5 exd5 28.
N4g3 gxf4 29. Nxf4 Nxf4+ 30. Rxf4 Rxf4 31. Nh5+ Kf7 32. Nxf4 d4 33. exd4 Rxd4
34. Rxd4 cxd4 35. Kf3 Nc5 36. b4 Na4 37. Ke4 Nc3+ 38. Kxd4 Nxa2 39. Nd3 h5 40.
gxh5 Kg7 41. Kc5 Kh6 42. Kb6 Kxh5 43. Kxa6 Kh4 44. Kxb5 Kh3 1/2-1/2

[Event "Superettan(Eskilstuna-Vastervik)"]
[Site "?"]
[Date "2009.02.08"]
[Round "6"]
[White "Nilsson, Matthias"]
[Black "Ask, Josef"]
[Result "1/2-1/2"]
[WhiteElo "2310"]
[BlackElo "2224"]
[PlyCount "49"]

1. d4 e6 2. c4 f5 3. g3 Nf6 4. Bg2 Be7 5. Nf3 O-O 6. O-O Ne4 7. Qc2 d6 8. Nc3
Nxc3 9. Qxc3 a5 10. b3 Bf6 11. Bb2 Qe8 12. a3 Nd7 13. b4 e5 14. dxe5 dxe5 15.
Qc2 Qh5 16. c5 c6 17. Rfe1 e4 18. Nd2 axb4 19. Bxf6 Nxf6 20. axb4 Rxa1 21. Qc4+
Nd5 22. Rxa1 Be6 23. e3 Re8 24. Qd4 Nc7 25. Bf1 1/2-1/2

[Event "Superettan(Eskilstuna-Vastervik)"]
[Site "?"]
[Date "2009.02.08"]
[Round "6"]
[White "Nilsson, Victor"]
[Black "Edlund, Robin"]
[Result "1-0"]
[WhiteElo "2139"]
[BlackElo "2240"]
[PlyCount "87"]

1. d4 Nf6 2. Nf3 g6 3. g3 Bg7 4. Bg2 O-O 5. O-O d6 6. c4 Nc6 7. d5 Na5 8. Nfd2
c5 9. Nc3 Rb8 10. a3 Ng4 11. e4 a6 12. Qe2 b5 13. cxb5 axb5 14. Nxb5 Ne5 15. a4
Qb6 16. f4 c4+ 17. Kh1 Bg4 18. Bf3 Nxf3 19. Nxf3 Nb3 20. Be3 Qa5 21. Ra3 Rxb5
22. axb5 Qxb5 23. Qg2 f5 24. Ng5 fxe4 25. Nxe4 Bc8 26. Nc3 Bxc3 27. bxc3 Bb7
28. Rd1 e6 29. Kg1 Rf5 30. Ra7 Bxd5 31. Qa2 Rf7 32. Ra6 Kg7 33. Rxd6 Bb7 34.
Rxe6 Qf5 35. Re5 Qg4 36. Rf1 Qc8 37. Bd4 Kh6 38. Qa4 Qh3 39. Rf2 Qg4 40. Qxc4
Nxd4 41. cxd4 Rd7 42. Re1 Qf5 43. Qc5 Rd5 44. Qe7 1-0

[Event "Superettan(Eskilstuna-Vastervik)"]
[Site "?"]
[Date "2009.02.08"]
[Round "6"]
[White "Karlsson, Jorgen"]
[Black "Didriksson, Mikael"]
[Result "1-0"]
[WhiteElo "2179"]
[BlackElo "2091"]
[PlyCount "85"]

1. e4 c5 2. Nf3 Nc6 3. c3 d5 4. exd5 Qxd5 5. d4 cxd4 6. cxd4 Bg4 7. Be2 Nf6 8.
Nc3 Qa5 9. O-O e6 10. h3 Bh5 11. g4 Bg6 12. Ne5 Bb4 13. Nxc6 bxc6 14. Qa4 O-O
15. Qxa5 Bxa5 16. Be3 Rab8 17. Na4 Nd5 18. Bc4 Nxe3 19. fxe3 Bb4 20. Rf2 h5 21.
Rc1 hxg4 22. hxg4 Be4 23. Ba6 Rfd8 24. a3 Bd6 25. b4 Bg3 26. Rd2 e5 27. Nc3 Bf3
28. Be2 exd4 29. Bxf3 dxc3 30. Rxd8+ Rxd8 31. Rxc3 Rd2 32. Bxc6 Re2 33. Bd5 g6
34. e4 Be5 35. Rf3 Bd4+ 36. Kf1 Rb2 37. Rxf7 Kh8 38. Rd7 g5 39. Be6 Be3 40. Bf5
Kg8 41. e5 Kf8 42. e6 Rb3 43. Bg6 1-0

[Event "Superettan(Eskilstuna-Vastervik)"]
[Site "?"]
[Date "2009.02.08"]
[Round "6"]
[White "Svensson, Hakan"]
[Black "Harren, Mats"]
[Result "0-1"]
[WhiteElo "2022"]
[BlackElo "2083"]
[PlyCount "94"]

1. d4 Nf6 2. Bg5 e6 3. Nf3 c5 4. e3 Qb6 5. Nbd2 d5 6. Rb1 Nc6 7. c3 Bd6 8. Bd3
Bd7 9. dxc5 Qxc5 10. Qe2 Qa5 11. b4 Qc7 12. Bxf6 gxf6 13. O-O f5 14. Rfc1 Qd8
15. b5 Ne5 16. c4 Nxf3+ 17. Qxf3 Qh4 18. g3 Qg4 19. cxd5 Qxf3 20. Nxf3 e5 21.
Nh4 e4 22. Be2 Ke7 23. f3 Rac8 24. Kf2 Ba3 25. Rc4 Rxc4 26. Bxc4 Rc8 27. Bb3
Kf6 28. fxe4 fxe4 29. d6 Bxd6 30. Bd5 Rc2+ 31. Kg1 Ke5 32. Bxf7 Bc5 33. Re1
Bxb5 34. Bb3 Rc1 35. Kf2 Rxe1 36. Kxe1 Bxe3 37. Ng2 Bc1 38. Bg8 h6 39. Kd1 Bg5
40. h4 Be7 41. Kd2 Be8 42. Ne3 Bb4+ 43. Ke2 Bd7 44. Bf7 b5 45. g4 Be7 46. h5 a5
47. Nd5 Bxg4+ 0-1

[Event "Superettan(Eskilstuna-Vastervik)"]
[Site "?"]
[Date "2009.02.08"]
[Round "6"]
[White "Blomkvist, Sven"]
[Black "Logdahl, Ulf"]
[Result "1-0"]
[WhiteElo "1972"]
[BlackElo "1990"]
[PlyCount "90"]

1. e4 e5 2. Nc3 Nf6 3. Bc4 Nc6 4. d3 Be7 5. f4 d6 6. Nf3 O-O 7. O-O Bg4 8. h3
Bxf3 9. Qxf3 Nd4 10. Qf2 c6 11. Be3 b5 12. Bb3 a5 13. a3 Nxb3 14. cxb3 Nh5 15.
f5 Bg5 16. Ne2 Bxe3 17. Qxe3 h6 18. Kh2 Nf6 19. b4 axb4 20. axb4 Qc7 21. g4 Nh7
22. h4 Qe7 23. Kh3 Qf6 24. Ng3 g5 25. fxg6 Qxg6 26. Nf5 Kh8 27. Rxa8 Rxa8 28.
Nxh6 Nf6 29. Nxf7+ Kh7 30. Ng5+ Kh8 31. Qf2 Rf8 32. Qa7 Nd7 33. Rxf8+ Nxf8 34.
Qe7 Kg8 35. h5 Qg7 36. Qxg7+ Kxg7 37. Kh4 Kf6 38. Nf3 d5 39. g5+ Ke6 40. Kg4
dxe4 41. dxe4 Nd7 42. Nh4 Nf8 43. h6 Kd6 44. Kf5 c5 45. bxc5+ Kxc5 1-0

[Event "Superettan(Eskilstuna-Vastervik)"]
[Site "?"]
[Date "2009.02.08"]
[Round "6"]
[White "Bragesjo, Tomas"]
[Black "Elenius, Erik"]
[Result "1/2-1/2"]
[WhiteElo "1739"]
[BlackElo "2051"]
[PlyCount "73"]

1. e4 c5 2. Nf3 d6 3. d4 cxd4 4. Nxd4 Nf6 5. Nc3 a6 6. g3 e6 7. Bg2 Be7 8. O-O
O-O 9. f4 Qc7 10. a4 Nc6 11. Nb3 Na5 12. Nxa5 Qxa5 13. Be3 Bd7 14. g4 Bc6 15.
g5 Nd7 16. f5 d5 17. exd5 exd5 18. Bxd5 Bc5 19. Bxc5 Qxc5+ 20. Kh1 Rad8 21.
Bxc6 bxc6 22. Qh5 Rfe8 23. Rf4 Qe3 24. Rh4 Nf8 25. g6 fxg6 26. fxg6 h6 27. Rf1
Re5 28. Qg4 Rg5 29. Qc4+ Kh8 30. Qxc6 Rxg6 31. Qe4 Qg5 32. Rhf4 Ne6 33. Rf5 Qe7
34. Rf7 Qg5 35. R7f5 Qe7 36. Rf7 Qg5 37. R7f5 1/2-1/2

[Event "Superettan(Wasa-Rockaden,Umea)"]
[Site "?"]
[Date "2009.02.08"]
[Round "6"]
[White "Wickstrom, Lucas"]
[Black "Hellborg, Teodor"]
[Result "1/2-1/2"]
[WhiteElo "2255"]
[BlackElo "2369"]
[PlyCount "33"]

1. d4 e6 2. c4 c5 3. d5 exd5 4. cxd5 d6 5. Nc3 Ne7 6. Nf3 a6 7. a4 Ng6 8. g3
Be7 9. Bg2 O-O 10. Nd2 Nd7 11. O-O Re8 12. f4 Rb8 13. Nc4 Nb6 14. Na3 Nd7 15.
Nc4 Nb6 16. Na3 Nd7 17. Nc4 1/2-1/2

[Event "Superettan(Wasa-Rockaden,Umea)"]
[Site "?"]
[Date "2009.02.08"]
[Round "6"]
[White "Astrom, Goran"]
[Black "Hammar, Ulf"]
[Result "1/2-1/2"]
[WhiteElo "2286"]
[BlackElo "2280"]
[PlyCount "64"]

1. e4 e6 2. d4 d5 3. Nd2 c5 4. exd5 exd5 5. Ngf3 Nf6 6. Bb5+ Bd7 7. Bxd7+ Nbxd7
8. O-O Be7 9. dxc5 Nxc5 10. Nb3 O-O 11. Be3 Ne6 12. Nfd4 Bd6 13. Qf3 Rc8 14. c3
Ne4 15. Rad1 g6 16. g3 Bb8 17. Ne2 Re8 18. h4 a6 19. Kg2 Ng7 20. Nf4 Bxf4 21.
Bxf4 Nf5 22. Nd4 Nxd4 23. Rxd4 Qb6 24. Rb4 Qc6 25. Rd1 Rcd8 26. Rbd4 Qb5 27.
Bh6 Rd6 28. Rb4 Qc6 29. Bf4 Rde6 30. Rbd4 Qb6 31. Rb4 Qc6 32. Rbd4 Qb6 1/2-1/2

[Event "Superettan(Wasa-Rockaden,Umea)"]
[Site "?"]
[Date "2009.02.08"]
[Round "6"]
[White "Malmstig, Erik"]
[Black "Soderberg, Per"]
[Result "1/2-1/2"]
[WhiteElo "2315"]
[BlackElo "2230"]
[PlyCount "91"]

1. d4 Nf6 2. Bg5 c5 3. Bxf6 gxf6 4. d5 e5 5. c4 d6 6. Qc2 f5 7. Nc3 Bg7 8. e3
O-O 9. Bd3 Qf6 10. Nh3 Na6 11. a3 Nc7 12. O-O Kh8 13. f4 e4 14. Be2 Bd7 15. Kh1
a6 16. Nf2 Rae8 17. a4 a5 18. Rg1 Na6 19. Rae1 Nb4 20. Qd1 Qe7 21. g3 Rg8 22.
Rg2 b6 23. Bh5 Ref8 24. Qe2 Na6 25. Qd2 Nc7 26. g4 fxg4 27. Bxg4 f5 28. Bd1 Bf6
29. Reg1 Rxg2 30. Rxg2 Rg8 31. Nh3 Rxg2 32. Qxg2 Qg7 33. Qd2 Qh6 34. Nf2 Bh4
35. Kg1 Na6 36. Nh1 Nb4 37. Ng3 Qg7 38. Kg2 Bf6 39. Be2 Be8 40. Kh1 Qd7 41. Nb5
Bg6 42. Bf1 Bh4 43. Bh3 Bxg3 44. hxg3 Qe7 45. Qc3+ Kg8 46. Kg1 1/2-1/2

[Event "Superettan(Wasa-Rockaden,Umea)"]
[Site "?"]
[Date "2009.02.08"]
[Round "6"]
[White "Berkell, Peder"]
[Black "Mardell, Jimmy"]
[Result "1/2-1/2"]
[WhiteElo "2223"]
[BlackElo "2233"]
[PlyCount "43"]

1. d4 e6 2. Nd2 d5 3. Ngf3 Nf6 4. e3 c5 5. c3 Nc6 6. Bd3 Bd6 7. O-O O-O 8. dxc5
Bxc5 9. Qe2 e5 10. e4 d4 11. Nb3 Bb6 12. cxd4 Nxd4 13. Nbxd4 Bxd4 14. Nxd4 Qxd4
15. Be3 Qa4 16. Bc5 Rd8 17. b3 Qe8 18. Rfd1 Bd7 19. f3 Bc6 20. a4 Nd7 21. Be3
Nf8 22. Bc4 1/2-1/2

[Event "Superettan(Wasa-Rockaden,Umea)"]
[Site "?"]
[Date "2009.02.08"]
[Round "6"]
[White "Nygren, David"]
[Black "Nordstrom, Felix"]
[Result "0-1"]
[WhiteElo "2245"]
[BlackElo "2209"]
[PlyCount "62"]

1. e4 e6 2. d4 d5 3. Nc3 dxe4 4. Nxe4 Nd7 5. Nf3 Ngf6 6. Nxf6+ Nxf6 7. Bd3 c5
8. O-O cxd4 9. Nxd4 Bc5 10. Nf3 O-O 11. b3 b6 12. Bb2 Bb7 13. Qe2 Qd5 14. Be5
Rfd8 15. Rad1 Qc6 16. Qd2 Be7 17. Qg5 h6 18. Qg3 Qc5 19. Rfe1 Qb4 20. Nd4 Rac8
21. Qh3 Kf8 22. c4 Qc5 23. Nc2 Rd7 24. b4 Qc6 25. b5 Qc5 26. Bb2 Rcd8 27. Re5
Qc7 28. Re3 Qf4 29. Be5 Qg4 30. f3 Qxh3 31. gxh3 Bc5 0-1

[Event "Superettan(Wasa-Rockaden,Umea)"]
[Site "?"]
[Date "2009.02.08"]
[Round "6"]
[White "Ranby, Hans"]
[Black "Engman, Rickard"]
[Result "0-1"]
[WhiteElo "1994"]
[BlackElo "2212"]
[PlyCount "74"]

1. b4 d5 2. Bb2 Qd6 3. a3 a5 4. b5 e5 5. Nf3 Nd7 6. e3 e4 7. Nd4 Nb6 8. Nc3 Qg6
9. d3 Nf6 10. g3 Bd6 11. Bg2 h5 12. Qd2 h4 13. Nce2 Na4 14. Bc3 Nxc3 15. Qxc3
hxg3 16. Nxg3 Bd7 17. dxe4 dxe4 18. O-O-O O-O 19. a4 Rfe8 20. Rdg1 Re5 21. Nb3
c6 22. Rd1 Rd5 23. Qe1 Bb4 24. Qe2 Rxd1+ 25. Rxd1 cxb5 26. Rxd7 Nxd7 27. Bxe4
Qf6 28. Nd4 Rd8 29. Qh5 g6 30. Qe2 Nc5 31. Bg2 Rxd4 32. exd4 Qxd4 33. c3 Qxc3+
34. Kb1 Nb3 35. Qe8+ Kg7 36. Ne4 Qc1+ 37. Ka2 Qc2# 0-1

[Event "Superettan(Wasa-Rockaden,Umea)"]
[Site "?"]
[Date "2009.02.08"]
[Round "6"]
[White "Lindgren, Fredrik"]
[Black "Aurehl, Bo"]
[Result "1/2-1/2"]
[WhiteElo "2231"]
[BlackElo "2088"]
[PlyCount "78"]

1. d4 Nf6 2. Nf3 c5 3. c4 g6 4. Nc3 cxd4 5. Nxd4 Bg7 6. g3 O-O 7. Bg2 d6 8. O-O
Nbd7 9. b3 a6 10. Bb2 Rb8 11. Qd2 Nc5 12. b4 Ne6 13. Nd5 Nxd5 14. Nxe6 Bxe6 15.
Bxg7 Kxg7 16. cxd5 Bd7 17. Rfc1 Qb6 18. Qc3+ Kg8 19. Qc7 Qxc7 20. Rxc7 Rfd8 21.
e4 Kf8 22. h4 h5 23. Kh2 Ke8 24. Bh3 Bxh3 25. Kxh3 Rdc8 26. Rac1 Rxc7 27. Rxc7
Kd8 28. Rc3 Kd7 29. a4 e6 30. b5 exd5 31. exd5 axb5 32. axb5 Rc8 33. Rxc8 Kxc8
34. b6 Kd7 35. Kg2 Ke7 36. Kf3 f5 37. Ke3 Kf7 38. Kf3 Ke7 39. Ke3 Kf7 1/2-1/2

[Event "Superettan(Wasa-Rockaden,Umea)"]
[Site "?"]
[Date "2009.02.08"]
[Round "6"]
[White "Safholm, Sten"]
[Black "Larsson, Johan"]
[Result "1/2-1/2"]
[WhiteElo "2007"]
[BlackElo "2125"]
[PlyCount "117"]

1. e4 c6 2. d4 d5 3. Nd2 dxe4 4. Nxe4 Bf5 5. Ng3 Bg6 6. h4 h6 7. Nf3 Nf6 8. h5
Bh7 9. Bd3 Bxd3 10. Qxd3 e6 11. Bd2 c5 12. Qb3 Qc8 13. c3 Nbd7 14. Ne5 Be7 15.
Rd1 O-O 16. Nxd7 Qxd7 17. dxc5 Qc6 18. Kf1 Bxc5 19. Rh4 Rfd8 20. c4 Qd7 21. Ke2
Rac8 22. Be1 Qxd1+ 23. Qxd1 Rxd1 24. Kxd1 Rd8+ 25. Kc2 Rd4 26. Rxd4 Bxd4 27. b4
Be5 28. c5 Bxg3 29. fxg3 Kf8 30. a4 Ke8 31. b5 Kd7 32. Kd3 a6 33. Bf2 axb5 34.
axb5 Nxh5 35. Ke4 Nf6+ 36. Kd4 Nd5 37. Be1 h5 38. Bf2 Ne7 39. Be1 f6 40. Bf2 g5
41. Kc4 Nd5 42. Kd4 Ne7 43. Ke4 Ng6 44. Be1 f5+ 45. Kd4 f4 46. Ke4 fxg3 47.
Bxg3 h4 48. Bh2 g4 49. Bg1 h3 50. gxh3 gxh3 51. Bh2 Ne7 52. Ke5 Nd5 53. Bg3 Ne3
54. c6+ bxc6 55. bxc6+ Kxc6 56. Kxe6 Kc5 57. Ke5 Kc4 58. Ke4 h2 59. Bxh2
1/2-1/2

[Event "Superettan(Orebro-Eksjo)"]
[Site "?"]
[Date "2009.02.28"]
[Round "6"]
[White "Ornstein, Axel"]
[Black "Fransson, Peter"]
[Result "1-0"]
[WhiteElo "2448"]
[BlackElo "2345"]
[PlyCount "79"]
[SourceDate "2009.03.07"]

1. c4 Nf6 2. Nc3 g6 3. e4 d6 4. d4 Bg7 5. Nf3 O-O 6. Be2 e5 7. O-O Nc6 8. d5
Ne7 9. b4 Nh5 10. Re1 a5 11. bxa5 Rxa5 12. Nd2 Nf4 13. Bf1 c5 14. Nb3 Ra6 15.
a4 f5 16. Ra2 Bd7 17. Bd2 fxe4 18. Nxe4 Bxa4 19. Rxa4 Rxa4 20. Nbxc5 Ra2 21.
Nxb7 Qb8 22. Nbxd6 Nf5 23. Nb5 Nd4 24. Bxf4 Rxf4 25. Qb1 Nxb5 26. Qxa2 Rxe4 27.
Rb1 Qa7 28. Qxa7 Nxa7 29. Rb7 Bf8 30. Rxa7 Re1 31. Rc7 Rc1 32. Rc6 Kf7 33. d6
Ke6 34. c5 e4 35. Rc7 h5 36. h4 Rc2 37. g3 e3 38. fxe3 Bh6 39. Re7+ Kf6 40. Re8
1-0

[Event "Superettan(Orebro-Eksjo)"]
[Site "?"]
[Date "2009.02.28"]
[Round "6"]
[White "Drugge, Patrik"]
[Black "Vernersson, Per"]
[Result "1/2-1/2"]
[WhiteElo "2267"]
[BlackElo "2471"]
[PlyCount "144"]
[EventDate "2009.??.??"]

1. e4 c6 2. d4 d5 3. Nc3 dxe4 4. Nxe4 Bf5 5. Ng3 Bg6 6. Nf3 Nd7 7. b3 e6 8. Bb2
Ba3 9. Qc1 Bxb2 10. Qxb2 Ngf6 11. O-O-O Qc7 12. Qa3 c5 13. Ne5 Nxe5 14. dxe5
Qxe5 15. Bb5+ Ke7 16. Kb1 Qc3 17. Bd3 Rhd8 18. Bxg6 Rxd1+ 19. Rxd1 hxg6 20. Ne2
Qe5 21. Nc1 Ne4 22. Nd3 Qd4 23. Re1 b6 24. Qa6 Nd6 25. f3 Kf8 26. Ne5 Qd2 27.
Re2 Qd5 28. Kc1 g5 29. Nd7+ Ke7 30. Rd2 Qc6 31. Ne5 Qc7 32. Qd3 Rd8 33. Qh7 Ne8
34. Rxd8 Kxd8 35. Qe4 Nd6 36. Qh7 f6 37. Qg8+ Ne8 38. Nf7+ Ke7 39. Nh8 Qxh2 40.
Qf7+ Kd8 41. Ng6 Qg1+ 42. Kb2 Qd4+ 43. Kc1 Qd7 44. Qg8 Qd6 45. Nf8 Ke7 46. Ng6+
Kd8 47. Nf8 Qe7 48. Nxe6+ Kd7 49. Nf8+ Kd6 50. Ng6 Qe6 51. Qf8+ Kd7 52. g4 a5
53. a4 c4 54. Kb2 cxb3 55. cxb3 f5 56. gxf5 Qf6+ 57. Kc2 Nd6 58. f4 Qxf8 59.
Nxf8+ Ke7 60. Ng6+ Kf6 61. fxg5+ Kxf5 62. Ne7+ Ke6 63. Ng6 Ne4 64. Nf4+ Ke5 65.
Nd3+ Kf5 66. b4 Nxg5 67. bxa5 bxa5 68. Kc3 Ne4+ 69. Kc4 g5 70. Kb5 g4 71. Kxa5
g3 72. Ne1 Nc5 1/2-1/2

[Event "Superettan(Orebro-Eksjo)"]
[Site "?"]
[Date "2009.02.28"]
[Round "6"]
[White "Krantz, Christopher"]
[Black "Zetterberg, Staffan"]
[Result "1/2-1/2"]
[WhiteElo "2271"]
[BlackElo "2322"]
[PlyCount "34"]
[EventDate "2009.??.??"]

1. e4 Nf6 2. e5 Nd5 3. d4 d6 4. c4 Nb6 5. exd6 cxd6 6. Nc3 g6 7. Be3 Bg7 8. Rc1
Nc6 9. b3 O-O 10. Nf3 Bg4 11. d5 Ne5 12. Be2 Nxf3+ 13. Bxf3 Bxf3 14. Qxf3 Nd7
15. O-O a6 16. b4 Rc8 17. Qe2 h6 1/2-1/2

[Event "Superettan(Orebro-Eksjo)"]
[Site "?"]
[Date "2009.02.28"]
[Round "6"]
[White "Lind, Jan-Olov"]
[Black "Thornert, Hakan"]
[Result "0-1"]
[WhiteElo "2288"]
[BlackElo "2206"]
[PlyCount "176"]

1. e4 c5 2. Nf3 d6 3. d4 cxd4 4. Nxd4 Nf6 5. Nc3 g6 6. Be3 Bg7 7. f3 Nc6 8. Qd2
O-O 9. Bc4 Bd7 10. O-O-O Qa5 11. Bb3 Rfc8 12. Kb1 Ne5 13. Bg5 Rc5 14. Bxf6 Bxf6
15. Nd5 Qxd2 16. Nxf6+ Kg7 17. Rxd2 Kxf6 18. f4 Nc6 19. Nf3 Be8 20. g4 Na5 21.
e5+ dxe5 22. Nxe5 Nxb3 23. axb3 Rac8 24. c3 g5 25. Rf2 Kg7 26. Re1 gxf4 27. Nd3
R5c7 28. Nxf4 Rd8 29. c4 Bc6 30. Kc2 Rcd7 31. Kc3 a6 32. Re3 Kg8 33. Nd3 Rd4
34. Ne5 Be8 35. Rd3 Rxd3+ 36. Nxd3 Rd6 37. Nc5 Bc6 38. b4 Rg6 39. h3 h5 40. Nd3
hxg4 41. hxg4 Rxg4 42. Ne5 Rg3+ 43. Kd4 Be8 44. Nf3 Bd7 45. Kc5 Rg6 46. Ne5 Rg5
47. Kd4 Be6 48. b3 f6 49. Nf3 Rf5 50. Ke4 Rh5 51. Rd2 Kg7 52. Rd8 Rh8 53. Rd2
Kf7 54. Rf2 Ke8 55. Ra2 Rh5 56. Rg2 Bd7 57. Rg8+ Kf7 58. Rb8 Bc6+ 59. Kf4 Rh3
60. Nd4 e5+ 61. Kg4 Bd7+ 62. Nf5 Rh7 63. Rxb7 Kg6 64. Rxd7 Rxd7 65. c5 Rb7 66.
Nd6 Rxb4+ 67. Kf3 Rxb3+ 68. Ke4 Rc3 69. Kd5 Rd3+ 70. Ke6 a5 71. c6 a4 72. Nc4
Rc3 73. Kd5 Rd3+ 74. Ke6 Rd8 75. c7 Rc8 76. Kd7 Rxc7+ 77. Kxc7 Kf5 78. Kd6 e4
79. Kd5 Kf4 80. Kd4 f5 81. Ne3 a3 82. Nd5+ Kf3 83. Nb4 e3 84. Kd3 f4 85. Nc2
Kf2 86. Ke4 e2 87. Kxf4 e1=Q 88. Nxe1 Kxe1 0-1

[Event "Superettan(Orebro-Eksjo)"]
[Site "?"]
[Date "2009.02.28"]
[Round "6"]
[White "Andersson, Johan"]
[Black "Jonsson, Krister"]
[Result "1/2-1/2"]
[WhiteElo "2127"]
[BlackElo "2044"]
[PlyCount "122"]

1. e4 c5 2. Nf3 e6 3. Nc3 Nc6 4. Bb5 Nd4 5. O-O a6 6. Bd3 b5 7. Nxd4 cxd4 8.
Ne2 Qb6 9. c3 dxc3 10. dxc3 Nf6 11. Ng3 Bb7 12. Qe2 h5 13. Re1 h4 14. Nf1 h3
15. g3 Rc8 16. Be3 Bc5 17. Nd2 Ke7 18. f3 d6 19. Nb3 Bxe3+ 20. Qxe3 Qxe3+ 21.
Rxe3 Bc6 22. Bf1 e5 23. Rd1 Bd7 24. Red3 Rc6 25. Na5 Rb6 26. g4 Be6 27. b3 g6
28. Kf2 Nh7 29. Kg3 Ng5 30. R3d2 f5 31. exf5 gxf5 32. gxf5 Bxf5 33. c4 b4 34.
c5 dxc5 35. Rd5 Rg6 36. Kf2 Be6 37. Rxe5 Rf8 38. Be2 Kf6 39. Re3 Kg7 40. Rd6
Rgf6 41. Rxa6 Bd5 42. Rxf6 Rxf6 43. Re5 Nxf3 44. Rxd5 Nd4+ 45. Kg3 Nxe2+ 46.
Kg4 Rg6+ 47. Rg5 Nc3 48. Rxg6+ Kxg6 49. Nb7 Nxa2 50. Nxc5 Nc1 51. Kxh3 Kh5 52.
Kg3 Kg5 53. h4+ Kh5 54. Kh3 Ne2 55. Nd3 Nd4 56. Nxb4 Nxb3 57. Nd5 Nd4 58. Nf4+
Kh6 59. Kg4 Nc6 60. Nd3 Ne7 61. h5 Ng6 1/2-1/2

[Event "Superettan(Orebro-Eksjo)"]
[Site "?"]
[Date "2009.02.28"]
[Round "6"]
[White "Larsson, Patrik"]
[Black "Nordstrom, Per-Olov"]
[Result "0-1"]
[WhiteElo "2038"]
[BlackElo "2056"]
[PlyCount "72"]

1. e4 c5 2. Nc3 Nc6 3. f4 g6 4. Nf3 Bg7 5. Bb5 Nd4 6. O-O a6 7. Bc4 e6 8. d3 b5
9. Bb3 Ne7 10. Nxd4 cxd4 11. Ne2 O-O 12. Qe1 Bb7 13. Qf2 f5 14. e5 g5 15. Qxd4
gxf4 16. Bxf4 Ng6 17. Qe3 Nxf4 18. Qxf4 Qe8 19. Qe3 Qg6 20. Nf4 Bh6 21. Qb6
Bxf4 22. Qxb7 Be3+ 23. Kh1 Rad8 24. c3 Rf7 25. Qf3 f4 26. d4 Kh8 27. Rae1 Rg8
28. d5 Rfg7 29. dxe6 dxe6 30. Re2 Qh6 31. Qc6 Rg6 32. Rf3 Qh5 33. Qe4 Rg3 34.
Bc2 Rxf3 35. g4 Rf1+ 36. Kg2 Rg1+ 0-1

[Event "Superettan(Orebro-Eksjo)"]
[Site "?"]
[Date "2009.02.28"]
[Round "6"]
[White "Gustafsson, Fredrik"]
[Black "Sundelius, Per"]
[Result "1-0"]
[WhiteElo "2129"]
[BlackElo "1956"]
[PlyCount "87"]

1. e4 e6 2. d4 d5 3. Nc3 Bb4 4. e5 Ne7 5. a3 Bxc3+ 6. bxc3 c5 7. Qg4 Qc7 8.
Qxg7 Rg8 9. Qxh7 cxd4 10. Ne2 Nbc6 11. f4 dxc3 12. Qd3 Bd7 13. Rb1 O-O-O 14.
Qxc3 Nf5 15. Rg1 d4 16. Qd3 Be8 17. g4 Nh4 18. Rg3 f6 19. exf6 Bg6 20. Qc4 Qa5+
21. Kf2 Qd5 22. Qxd5 Rxd5 23. f5 exf5 24. Nf4 Rc5 25. Bd3 Ne5 26. g5 Nxd3+ 27.
Rxd3 Rxc2+ 28. Kg3 Rh8 29. Bd2 Be8 30. Rxd4 Ng6 31. Nxg6 Bxg6 32. Rc1 Rxc1 33.
Bxc1 Re8 34. Bd2 Re2 35. Bb4 Re3+ 36. Kf2 Rh3 37. Kg2 Rb3 38. h4 b6 39. Be7 Bh5
40. Rd2 Bf3+ 41. Kf2 Bh5 42. Rd8+ Kb7 43. Rh8 Bf7 44. Rh7 1-0

[Event "Superettan(Orebro-Eksjo)"]
[Site "?"]
[Date "2009.02.28"]
[Round "6"]
[White "Iwraeus, Love"]
[Black "Ghazi Al-Saadi, Ali"]
[Result "1/2-1/2"]
[WhiteElo "1786"]
[BlackElo "1965"]
[PlyCount "86"]

1. e4 e5 2. Nf3 Nc6 3. Bb5 a6 4. Bxc6 dxc6 5. O-O f6 6. d4 exd4 7. Nxd4 c5 8.
Nb3 Qxd1 9. Rxd1 Bg4 10. f3 Bd7 11. Be3 b6 12. Nc3 O-O-O 13. a4 a5 14. Nb5 Nh6
15. c4 Nf7 16. Nc1 Bxb5 17. Rxd8+ Kxd8 18. axb5 Bd6 19. Nd3 Ne5 20. Nxe5 Bxe5
21. Rd1+ Ke7 22. Rd2 Rd8 23. Rxd8 Kxd8 24. b3 c6 25. f4 Bb2 26. Kf1 cxb5 27.
cxb5 c4 28. Bxb6+ Kc8 29. Ke2 cxb3 30. Bxa5 Bc1 31. Kd3 Bxf4 32. h3 Be5 33. Kd2
Kb7 34. g4 g5 35. Kd3 Ka7 36. Bd8 Kb7 37. Kd2 Bd4 38. Kd3 Kc8 39. Ba5 Kb7 40.
Bd8 Kc8 41. Ba5 Be5 42. Kd2 Bd4 43. Kd3 Be5 1/2-1/2

[Event "Superettan(Stockholms SS-Rock II,Sthlm)"]
[Site "?"]
[Date "2009.02.28"]
[Round "6"]
[White "Westerberg, Jonathan"]
[Black "Bergstrom, Rolf"]
[Result "1/2-1/2"]
[WhiteElo "2298"]
[BlackElo "2355"]
[PlyCount "66"]
[EventDate "2009.??.??"]

1. e4 d6 2. d4 Nf6 3. Nc3 Nbd7 4. Nf3 e5 5. Bc4 Be7 6. O-O O-O 7. Re1 c6 8. a4
Re8 9. Ng5 Rf8 10. Nf3 h6 11. Qe2 Qc7 12. dxe5 Nxe5 13. Nxe5 dxe5 14. Nd1 Kh7
15. Ne3 g6 16. Qf3 Bd7 17. b3 Rae8 18. Bb2 Bc8 19. Be2 h5 20. Nc4 Nd7 21. Rad1
b6 22. Bc1 Kg7 23. Qe3 Rh8 24. Ba3 Bxa3 25. Nxa3 Nc5 26. Nc4 Be6 27. Nb2 Rd8
28. b4 Nb7 29. Bc4 Qe7 30. Qc3 f6 31. Bxe6 Qxe6 32. Qc4 Qxc4 33. Nxc4 Kf7
1/2-1/2